1224 1698 1686 1257 1719 1683 1884 1983 1619 1445 1013 1699 1130 1715 1851 1078 1010 1655 1198 1396 1813 1889 1791 1364 1169 1384 1168 1312 1155 1571 1548 1081 1425 1254 1649 1541 1730 1158 1301 1931 1332 1653 1396 1799 1992 1559 1018 1097 1377 1067 1002 1488 1038 1252 1169 1810 1497 1002 1428 1445 1170 1960 1645 1634 1409 1048 1309 1142 1182 1687 1577 1854 1960 1967 1657 1808 1416 1016 1824 1082 1351 1644 1668 1008 1180 1202 1192 1832 1911 1540 1210 1394 1113 1687 1061 1169 1902 1073 1599 BCNSPRNW ULIB Ver.6.0+V

เปลี่ยนเป็นภาษาไทย

Change to English
 แสดงรายละเอียดบรรณานุกรม
  กลับหน้าหลัก

Brief Record : Get Marc (ISO 2709) : E-mail record : QR code < ปิดหน้าต่าง
LEADER : 00000nam 2200000uu 4500
001    13399122118
003     ULIB
008    121227s2549||||th 000 0 tha d
020    ^a9741105819
060 04 ^aWH120^bน927อ 2549
245 00 ^aแนวทางการรักษาโรคเลือดออกง่ายในประเทศไทย /^cบรรณาธิการ ;อำไพวรรณ จวนสัมฤทธิ์ ... [และคนอื่นๆ]
250    ^aพิมพ์ครั้งที่ 1
260    ^aกรุงเทพฯ : ชัยเจริญ,^c2549
300    ^aviii, 207 หน้า :^bภาพประกอบ ;^c26 ซม.
650  2 ^aHematologic Diseases^xtherapy^zThailand
650  7 ^aเลือด, โรค^zไทย
700 0  ^aอำไพวรรณ จวนสัมฤทธิ์,^eบรรณาธิการ.
700 1  ^aมูลนิธิโรคเลือดออกง่ายฮีโมฟีเลียแห่งประเทศไทย
700 1  ^aศูนย์ฝึกอบรมนานาชาติ โรคเลือดออกง่ายฮีโมฟีเลีย - กรุงเทพฯ
700 1  ^aมหาวิทยาลัยมหิดล. ^bคณะแพทยศาสตร์โรงพยาบาลรามาธิบดี
945    ^p250^l0^i24602
995    ^aทศพร
999    ^aทศพร เกษรทอง
รายการนี้ยังไม่มีแท็ก
คุณยังไม่ได้ล็อกอิน คุณสามารถมีกิจกรรมร่วมกับเว็บไซต์ได้ แต่ต้องล็อกอินก่อน ::
  ล็อกอิน

รายการสื่อสารสนเทศ

ลำดับที่ ประเภท เลขเรียก/บาร์โค้ด สถานที่ สถานะ
1. วิทยาศาสตร์การแพทย์ และสุขภาพ
วิทยาศาสตร์การแพทย์ และสุขภาพ
WH120 น927อ 2549 ฉ.1 
  Barcode: 24602
ห้องสมุดวิทยาเขตสวรรค์ประชารักษ์
►หนังสือทั่วไป
บนชั้น

BibComment


ยังไม่เคยถูกคอมเมนท์

คอมเมนท์ทรัพยากรรายการนี้
  คอมเมนท์: แนวทางการรักษาโร..


 Copyright 2026. Bcnsprnw @Library